000 00657nam a2200229Ia 4500
003 OSt
005 20220926013205.0
006 a|||||r|||| 00| 0
007 ta
008 220923b |||||||| |||| 00| 0 eng d
037 _cGeneral Book
040 _aRTL
_cRTL
_beng
041 _2eng
_aeng
082 _aXB, G9
100 _aDrucker Peter F
245 0 _aEnd of economic man
_b The origins of totalitarians
260 _aNew York
_bHarper Colophon Books U S A
_c1939
300 _axxx,271p. Appendix p. 269-71
_ccm.
650 _aWar Economics
_9233725
942 _hXB, G9
_cGB
_2CC
999 _c625402
_d625402